[Event "SVK-ch U12 Girls"]
[Site "Liptovsky Mikulas"]
[Date "2019.04.26"]
[Round "5"]
[White "Mrmusova, Magdalena"]
[Black "Dudova, Viktoria"]
[Result "1-0"]
[WhiteElo "1163"]
[BlackElo "1000"]
[PlyCount "37"]
[EventDate "2019.04.23"]
[EventType "swiss"]
[EventRounds "9"]
[EventCountry "SVK"]
[SourceTitle "CBM 190 Extra"]
[Source "ChessBase"]
[SourceDate "2019.07.15"]
[SourceVersion "1"]
[SourceVersionDate "2019.07.15"]
[SourceQuality "1"]

1. e4 e5 2. Nf3 Nc6 3. d4 exd4 4. Bc4 Nf6 5. Ng5 Qe7 6. 0-0 Nxe4 7. Nxe4 d6 8. Ng5 Qd7 9. Bxf7+ Kd8 10. Re1 Ne5 11. Be6 Qe8 12. Bf7 Qd7 13. Be6 Qc6 14. Qxd4 h6 15. Rxe5 Ke8 16. Bd5+ Kd7 17. Bxc6+ bxc6 18. Qg4+ Kd8 19. Nf7# 1-0

[Event "EU Union-ch U10"]
[Site "Kouty nad Desnou"]
[Date "2018.08.10"]
[Round "4"]
[White "Zadrapova, Amalie"]
[Black "Mrmusova, Magdalena"]
[Result "1/2-1/2"]
[WhiteElo "1128"]
[BlackElo "1153"]
[PlyCount "47"]
[EventDate "2018.08.07"]
[EventType "swiss"]
[EventRounds "9"]
[EventCountry "CZE"]
[SourceTitle "CBM 186 Extra"]
[Source "ChessBase"]
[SourceDate "2018.08.24"]
[SourceVersion "1"]
[SourceVersionDate "2018.08.24"]
[SourceQuality "1"]

1. e4 d6 2. d4 Nf6 3. Nc3 g6 4. f3 Bg7 5. Be3 0-0 6. Qd2 Nc6 7. 0-0-0 Re8 8. Kb1 e5 9. d5 Ne7 10. h4 c6 11. h5 Nxh5 12. g4 Ng3 13. Rh2 Nxf1 14. Rxf1 f6 15. Bh6 g5 16. Nge2 a5 17. Rfh1 Bh8 18. Bxg5 fxg5 19. Qxg5+ Ng6 20. Qh6 Re7 21. f4 exf4 22. Nxf4 Nxf4 23. Qxf4 Qc7 24. Qg5+ 1/2-1/2

[Event "EU Union-ch U10"]
[Site "Kouty nad Desnou"]
[Date "2018.08.08"]
[Round "2"]
[White "Sizov, Lev"]
[Black "Mrmusova, Magdalena"]
[Result "1-0"]
[WhiteElo "1562"]
[BlackElo "1153"]
[PlyCount "139"]
[EventDate "2018.08.07"]
[EventType "swiss"]
[EventRounds "9"]
[EventCountry "CZE"]
[SourceTitle "CBM 186 Extra"]
[Source "ChessBase"]
[SourceDate "2018.08.24"]
[SourceVersion "1"]
[SourceVersionDate "2018.08.24"]
[SourceQuality "1"]

1. c4 e5 2. Nc3 Nc6 3. e3 Nf6 4. Nf3 d5 5. cxd5 Nxd5 6. d4 f6 7. a3 Bg4 8. Bb5 Nxc3 9. bxc3 a6 10. Bxc6+ bxc6 11. h3 Be6 12. dxe5 Qxd1+ 13. Kxd1 Rd8+ 14. Ke1 Bb3 15. Bd2 Be7 16. exf6 Bxf6 17. Nd4 Bxd4 18. cxd4 0-0 19. f3 Rfe8 20. Kf2 c5 21. Bc3 cxd4 22. exd4 Bc4 23. Rhe1 Re6 24. Rxe6 Bxe6 25. Re1 Bf7 26. Re7 Rc8 27. Re5 Bc4 28. Rc5 Bb5 29. Ba5 Re8 30. Rxc7 Re2+ 31. Kg3 Ra2 32. Bb4 Bf1 33. d5 Rxg2+ 34. Kf4 g5+ 35. Kf5 Bd3+ 36. Kf6 h6 37. d6 Rf2 38. d7 Rxf3+ 39. Ke6 Re3+ 40. Kd6 Kh7 41. d8Q+ Kg6 42. Qg8+ Kh5 43. Bd2 Rxh3 44. Qf7+ Bg6 45. Qf1 Rd3+ 46. Kc6 Be8+ 47. Kb6 Rb3+ 48. Ka7 Kg6 49. Qxa6+ Kh5 50. Qe2+ Kh4 51. Be1+ Kh3 52. Rc3+ Rxc3 53. Bxc3 Bf7 54. Qf1+ Kg4 55. Qxf7 h5 56. Qc4+ Kf3 57. Qf1+ Kg4 58. Qg2+ Kf5 59. Be1 g4 60. Bh4 Kf4 61. Kb6 Ke5 62. a4 Kf4 63. Kc5 Kf5 64. Kd6 Kg6 65. Qe4+ Kf7 66. Qe7+ Kg6 67. Ke6 Kh6 68. Qg5+ Kh7 69. Kf7 Kh8 70. Qg8# 1-0

[Event "SVK-ch U10 Girls"]
[Site "Liptovsky Mikulas"]
[Date "2018.04.25"]
[Round "7"]
[White "Mrmusova, Magdalena"]
[Black "Holestiakova, Nina"]
[Result "0-1"]
[WhiteElo "1132"]
[BlackElo "1039"]
[PlyCount "84"]
[EventDate "2018.04.21"]
[EventType "swiss"]
[EventRounds "9"]
[EventCountry "SVK"]
[SourceTitle "CBM 184 Extra"]
[Source "ChessBase"]
[SourceDate "2018.06.28"]
[SourceVersion "1"]
[SourceVersionDate "2018.06.28"]
[SourceQuality "1"]

1. e4 e5 2. Nf3 Nc6 3. d4 exd4 4. Bc4 Nf6 5. 0-0 d6 6. h3 Ne7 7. Re1 Ng6 8. Ng5 Ne5 9. Qxd4 c5 10. Qc3 h6 11. Nf3 Ng6 12. Qb3 Qc7 13. Nc3 Ne5 14. Nd5 Qa5 15. Nxf6+ gxf6 16. Bf4 Nxc4 17. Qxc4 Be6 18. Qd3 Qc7 19. c4 0-0-0 20. a4 Rg8 21. Kh2 h5 22. Reb1 Qa5 23. b4 cxb4 24. Rd1 Qc5 25. Qe3 Qxe3 26. Bxe3 Kb8 27. Rdc1 Be7 28. a5 a6 29. Rab1 f5 30. exf5 Bxf5 31. Rxb4 d5 32. Rb6 Ba3 33. Rc3 Bd6+ 34. Kh1 Bc7 35. Rf6 Bxa5 36. Ra3 Bb4 37. Rb3 Bd6 38. Rxf5 dxc4 39. Rc3 b5 40. Nd4 Kb7 41. Rxf7+ Bc7 42. Ne6 Rd1# 0-1